La danza = el Ballet de la Ópera de París = La danse : le Ballet de l'Opera de Paris /
Guardado en:
| Autores corporativos: | , |
|---|---|
| Andre forfattere: | , , |
| Format: | |
| Sprog: | fransk |
| Serier: | (Karma Films ;
73412) |
| Fag: | |
| Tags: |
Ingen Tags, Vær først til at tagge denne postø!
|
MARC
| LEADER | 00000ngm^a2200000^a^4500 | ||
|---|---|---|---|
| 001 | 000420361 | ||
| 005 | 20250527103205.0 | ||
| 009 | 20260310122508.915 | ||
| 037 | |a Acervo ITESO - Biblioteca | ||
| 041 | |a SON | ||
| 041 | |a FRA | ||
| 082 | |a 782. 1810944 |b OPE WIS | ||
| 110 | |a Opéra National de Paris (Ballet) |e (ejecución dancística) | ||
| 240 | 1 | 4 | |a [La danza: el Ballet de la Ópera de París] |
| 245 | 1 | 3 | |a La danza = |b el Ballet de la Ópera de París = La danse : le Ballet de l'Opera de Paris / |c Ejecución dancística de la Opera National de Paris (Ballet) ; ejecución musical de la Opera National de Paris (Orchestra) ; realización de F. Wiseman. |
| 264 | 2 | |a Madrid, España : |b Karma Films [distribución], |c 2011, c2011 | |
| 300 | |a 1 DVD región 2 PAL (159 min.) : |b color | ||
| 336 | |a imagen móvil bidimensional |b tdi |2 rdacontenido | ||
| 337 | |a video |b v |2 rdamedio | ||
| 338 | |a videodisco |b vd |2 rdasoporte | ||
| 440 | 1 | |a (Karma Films ; |v 73412) | |
| 546 | |a En francés, con subtítulos opcionales: español | ||
| 649 | |a XX | ||
| 650 | |a Bailarines Franceses | ||
| 650 | |a Artistas Franceses | ||
| 650 | |a Compañías de Danza - |z París, Francia - |x Historia - |y 2007-2012 | ||
| 650 | |a Compañías de Danza - |z París, Francia - |x Historia - |y Quinta República, 1958 en Adelante | ||
| 650 | |a Compañías de Danza - |z Francia - |x Historia - |y 2007-2012 | ||
| 650 | |a Compañías de Danza - |z Francia - |x Historia - |y Quinta República, 1958 en Adelante | ||
| 650 | |a Documentales | ||
| 650 | |a Opera Prima | ||
| 650 | |a Cine Francés - |y 2000-2009 | ||
| 650 | |a Cine Francés - |y Siglo XXI | ||
| 650 | |a Ballet - |z Francia - |x Historia y Crítica | ||
| 650 | |a Danza Moderna - |z Francia - |x Historia y Crítica | ||
| 650 | |a Danza - |z Francia - |x Historia y Crítica | ||
| 650 | |a Artes Escénicas - |z Francia - |x Historia y Crítica | ||
| 650 | |a Creación (Literaria, Artística, etc.) | ||
| 650 | |a Estética | ||
| 650 | |a París, Francia en el Cine | ||
| 650 | |a Bausch, Pina | ||
| 650 | |a Ek, Mats | ||
| 650 | |a Lacotte, Pierre | ||
| 650 | |a Mazilier, Joseph | ||
| 650 | |a McGregor, Wayne | ||
| 650 | |a Nureyev, Rudolf | ||
| 650 | |a Petipa, Marius | ||
| 650 | |a Preljocaj, Angelin | ||
| 650 | |a Waltz, Sasha | ||
| 650 | |a Opéra National de Paris (Ballet) - |x Tema Principal | ||
| 710 | |a Opéra National de Paris (Orchestre) |e (ejecución musical) | ||
| 700 | |a Wiseman, Frederick |e (realización) | ||
| 700 | |a Davey, John |e (fotógrafo) | ||
| 700 | |a Pico, Valérie |e (montaje) | ||
| 910 | |a Fondo General | ||
| 920 | |a Audiovisuales - DVDs | ||
| 940 | |a DVDs y Videos de Danza | ||
| 940 | |a Películas | ||
| 905 | |a 308 | ||
| 901 | |a 0500329202 |b IT2 |c DVM |i C159872 |u 20250527 | ||
| 902 | |a https://opac.biblio.iteso.mx/vufind/Record/000420361 | ||